| 000 | 00723nam a2200289Ia 4500 | ||
|---|---|---|---|
| 005 | 20260324144936.0 | ||
| 008 | 008 260324s9999 xx 000 0 eng d | ||
| 020 | _a9781003108030 | ||
| 037 | _aEBOOK | ||
| 040 | _aCRL | ||
| 040 | _beng | ||
| 040 | _cCRL | ||
| 041 | _2eng | ||
| 041 | _aeng | ||
| 084 | _qCRL | ||
| 100 |
_aThomas G. Burish; Sandra M. Levy; Beth E. Meyerowitz _91221173 |
||
| 245 | 0 | _aCancer, Nutrition, and Eating Behavior | |
| 245 | 2 | _bA Biobehavioral Perspective | |
| 260 | _bTaylor and Francis | ||
| 260 | _c1985 | ||
| 365 | _a | ||
| 365 | _b170 | ||
| 856 | _uhttp://www.taylorfrancis.com/books/9781003108030 | ||
| 942 | _cEBOOK | ||
| 999 |
_c1828424 _d1828424 |
||